000 00348nam a2200145Ia 4500
005 20250603145519.0
008 250603s9999 xx 000 0 und d
020 _a1-933107-36-7
050 _aRM 301 .P43/
245 0 _aPharmacology for nursing
260 _bAssesment Technologies Institute
260 _c2007
300 _a504 p
942 _cBK
999 _c42077
_d42077